<Le> Journal des Finances

Na minha lista:
Detalhes bibliográficos
Formato: Periódico
Idioma:francês
Publicado em: Paris Journal des Finances 1984
Tags: Adicionar Tag
Sem tags, seja o primeiro a adicionar uma tag!

MARC

LEADER 00000nas2a2200000 4500
001 s108153
005 20250730114200.4
041 0 |a fre 
044 |a FR 
245 1 0 |a <Le> Journal des Finances 
264 1 |a Paris  |b Journal des Finances  |c 1984 
300 |a 2 zv. 
773 0 |w eu_un_cat*s120450